书目信息 |
| 题名: |
校园体育教育改革与文化建设研究
|
|
| 作者: | 吴彩芳 著 | |
| 分册: | ||
| 出版信息: | 北京 中国原子能出版社 2022.01 |
|
| 页数: | 182页 | |
| 开本: | 24cm | |
| 丛书名: | ||
| 单 册: | ||
| 中图分类: | G807.01 | |
| 科图分类: | ||
| 主题词: | 体育教育--教学研究 | |
| 电子资源: | ||
| ISBN: | 978-7-5221-1551-1 | |
| 000 | 00881nam0 2200229 450 | |
| 001 | 012001000714 | |
| 005 | 20141201164840.0 | |
| 010 | @a978-7-5221-1551-1@dCNY68.00 | |
| 100 | @a20220905e2022 em y0chiy50 ea | |
| 101 | 0 | @achi |
| 102 | @aCN@b110000 | |
| 105 | @ay z 000yy | |
| 106 | @ar | |
| 200 | 1 | @a校园体育教育改革与文化建设研究@Axiao yuan ti yu jiao yu gai ge yu wen hua jian she yan jiu@f吴彩芳著 |
| 210 | @a北京@c中国原子能出版社@d2022.01@h20222印 | |
| 215 | @a182页@d24cm | |
| 330 | @a本书主要阐述了体育的产生与发展、体育教育的产生与发展、校园体育教育改革的思考、校园体育教育理念的改革、校园体育教育内容的改革、校园体育教学模式的改革、校园体育文化的发展与传播、新时期校园体育文化的建设等内容。 | |
| 606 | 0 | @a体育教育@x教学研究 |
| 690 | @aG807.01@v5 | |
| 701 | 0 | @a吴彩芳@Awu cai fang@4著 |
| 801 | 0 | @aCN@bAHXH@c20221111 |
| 905 | @b1369821-5@dG807.01@e2047@f5 | |
| 校园体育教育改革与文化建设研究/吴彩芳著.-北京:中国原子能出版社,2022.01(20222印) |
| 182页;24cm |
| ISBN 978-7-5221-1551-1:CNY68.00 |
| 本书主要阐述了体育的产生与发展、体育教育的产生与发展、校园体育教育改革的思考、校园体育教育理念的改革、校园体育教育内容的改革、校园体育教学模式的改革、校园体育文化的发展与传播、新时期校园体育文化的建设等内容。 |
| ● |
| 相关链接 |
|
|
|
|
正题名:校园体育教育改革与文化建设研究
索取号:G807.01/2047
 
预约/预借
| 序号 | 登录号 | 条形码 | 馆藏地/架位号 | 状态 | 备注 |
| 1 | 1369821 | 213698211 | 第一样本阅览室/ [索取号:G807.01/2047] | 在馆 | |
| 2 | 1369822 | 213698220 | 教育系资料室/ [索取号:G807.01/2047] | 在馆 | |
| 3 | 1369823 | 213698239 | 教育系资料室/ [索取号:G807.01/2047] | 在馆 | |
| 4 | 1369824 | 213698248 | 第四借阅区/ [索取号:G807.01/2047] | 在馆 | |
| 5 | 1369825 | 213698257 | 第四借阅区/ [索取号:G807.01/2047] | 在馆 |